000 01290nam a2200289 i 4500
001 163386
003 ES-MaACL
005 20231229063046.0
008 950206s1883 sp a |||| | spa d
080 _a821.134.2-92"18"
100 1 _aRevilla, Manuel de la,
_d1846-1881
_996432
245 1 0 _aObras de D. Manuel de la Revilla /
_ccon prólogo del Excmo. Señor D. Antonio Cánovas del Castillo y un discurso preliminar de D. Urbano González Serrano.
260 _aMadrid :
_bEl Ateneo Científico, Literario y Artístico de Madrid,
_c1883 (
_fImp. Central a cargo de Víctor Saiz)
300 _aXLV, 565 p., 1 retr. autor ;
_c25 cm.
505 8 _aContiene: Bocetos literarios . Estudios literarios
530 _aDisponible en formato digital.
599 _aRetr.: grab. xil.
650 4 _aEscritores-
_zEspaña-
_yS. XIX.
_9136035
650 _aLiteratura-
_xHistoria y crítica.
_914489
700 1 _aCánovas del Castillo, Antonio,
_d1828-1897
_934600
700 1 _aGonzález Serrano, U.,
_d1848-1904
_958968
710 2 _aAteneo de Madrid.
_91875
852 _aES-MaACL
_jB-2160
_z- Enc. hol.
852 _aES-MaACL
_jD-4480
_z- Enc. hol.
856 _uhttp://bdh-rd.bne.es/viewer.vm?id=0000245083&page=1
_zBiblioteca Digital Hispánica
999 _c163386
_d163386